La política portuaria en El Salvador /
Análisis de la política portuaria en El Salvador y modificaciones en su enfoque. Describe algunas características geo económicas, estableciendo la relación entre tráfico marítimo y comercio internacional y señalando la importancia de los puertos dentro del transporte por mar. Estudia la evolución de...
Sparad:
| Huvudupphovsman: | |
|---|---|
| Materialtyp: | Lärdomsprov |
| Publicerad: |
San Salvador:
Universidad Centroamericana José Simeón Cañas
|
| Ämnen: | |
| Taggar: |
Lägg till en tagg
Inga taggar, Lägg till första taggen!
|
MARC
| LEADER | 00000 a a2200000 04500 | ||
|---|---|---|---|
| 001 | 20088 | ||
| 003 | |||
| 040 | |a CRAI/IIS |c CRAI/IIS | ||
| 090 | |a 08254.00 | ||
| 100 | |a Rivera López, Rafael J. | ||
| 245 | |a La política portuaria en El Salvador / |c Rafael J. Rivera López | ||
| 260 | |a San Salvador: |b Universidad Centroamericana José Simeón Cañas | ||
| 300 | |a 105 p | ||
| 502 | |a Tesis (Licenciado en Economía) -- Universidad Centroamericana José Simeón Cañas. Facultad de Ciencias Económicas. Escuela de Economía, 1973 | ||
| 520 | |a Análisis de la política portuaria en El Salvador y modificaciones en su enfoque. Describe algunas características geo económicas, estableciendo la relación entre tráfico marítimo y comercio internacional y señalando la importancia de los puertos dentro del transporte por mar. Estudia la evolución de las medidas de política portuaria, tanto en el aspecto físico como institucional. Señala los requerimientos futuros para atender el tráfico marítimo y ofrece recomendaciones al respecto/ACM | ||
| 650 | |a EL SALVADOR | ||
| 650 | |a TRANSPORTE MARITIMO | ||
| 650 | |a COMERCIO INTERNACIONAL | ||
| 650 | |a PUERTOS | ||
| 999 | |c 18169 |d 18169 | ||
